000
00286nam a2200097Ia 4500
082
_a
796.51 MILL
245
0
_a
Slow motion : stories about walking
100
_a
Miller, Andie Auckland Park, South Africa, 2010
_9
34154
942
_c
BK
008
210817s9999 xx 000 0 und d
999
_c
124022
_d
124021